| 000 | 00777nam a22002297a 4500 | ||
|---|---|---|---|
| 999 |
_c2535 _d2535 |
||
| 001 | 3437 | ||
| 003 | BD-DhUAP | ||
| 005 | 20200225162008.0 | ||
| 008 | 200225s1998 enka|||| b||| 001 0 eng d | ||
| 020 | _a3764363290 | ||
| 040 |
_aBD-DhUAP _bEng _cBD-DhUAP _dBD-DhUAP |
||
| 082 |
_223 _a720.47 DAN |
||
| 100 | _aDaniels, Klaus. | ||
| 245 |
_aLow Tech - Light Tech - High Tech : _bbuilding in the information age / _cKlaus Daniels ; Translated by Elizabeth Schwaiger. |
||
| 260 |
_aBasel : _bBirkhäuser, _cc2000. |
||
| 300 |
_a238 pages : _billustrations ; _c30 cm. |
||
| 504 | _aIncludes bibliography and index. | ||
| 650 |
_aArchitecture _vTechnological innovations. |
||
| 650 |
_aArchitecture _vEnvironmental aspects. |
||
| 700 | _aSchwaiger, Elizabeth. | ||
| 942 |
_2ddc _cBK |
||